<?xml version="1.0" encoding="UTF-8"?>
<record
    xmlns:xsi="http://www.w3.org/2001/XMLSchema-instance"
    xsi:schemaLocation="http://www.loc.gov/MARC21/slim http://www.loc.gov/standards/marcxml/schema/MARC21slim.xsd"
    xmlns="http://www.loc.gov/MARC21/slim">

  <leader>00781cam1a220025300 4500</leader>
  <controlfield tag="001">tmp15694405</controlfield>
  <controlfield tag="003">UPRA</controlfield>
  <controlfield tag="005">20190826102855.0</controlfield>
  <controlfield tag="008">951005s1966    enk                 eng u</controlfield>
  <datafield tag="035" ind1=" " ind2=" ">
    <subfield code="a">(Sirsi) r61797</subfield>
  </datafield>
  <datafield tag="035" ind1=" " ind2=" ">
    <subfield code="a">(UPRA)tmp15694405</subfield>
  </datafield>
  <datafield tag="040" ind1=" " ind2=" ">
    <subfield code="c">UPRA</subfield>
  </datafield>
  <datafield tag="110" ind1="2" ind2=" ">
    <subfield code="a">W. Canning &amp; Co., Ltd.</subfield>
    <subfield code="6">A21389.1</subfield>
  </datafield>
  <datafield tag="245" ind1="1" ind2="0">
    <subfield code="a">Handbook on electroplating, polishing, bronzing &amp; lacquering.</subfield>
  </datafield>
  <datafield tag="250" ind1=" " ind2=" ">
    <subfield code="a">20th ed.</subfield>
  </datafield>
  <datafield tag="260" ind1=" " ind2=" ">
    <subfield code="a">Birmingham :</subfield>
    <subfield code="b">W. Canning &amp; Co., Ltd.,</subfield>
    <subfield code="c">[1966]</subfield>
  </datafield>
  <datafield tag="650" ind1=" " ind2="0">
    <subfield code="a">Electroplating.</subfield>
    <subfield code="6">S14963.1</subfield>
  </datafield>
  <datafield tag="650" ind1=" " ind2="0">
    <subfield code="a">Grinding and polishing.</subfield>
    <subfield code="6">S14056.1</subfield>
  </datafield>
  <datafield tag="650" ind1=" " ind2="0">
    <subfield code="a">Bronzing.</subfield>
    <subfield code="6">S14965.1</subfield>
  </datafield>
  <datafield tag="650" ind1=" " ind2="0">
    <subfield code="a">Lacquer and lacquering.</subfield>
    <subfield code="6">S12842.1</subfield>
  </datafield>
  <datafield tag="650" ind1=" " ind2="0">
    <subfield code="a">Enamel and enameling.</subfield>
    <subfield code="6">S14966.1</subfield>
  </datafield>
  <datafield tag="949" ind1=" " ind2=" ">
    <subfield code="a">TS670</subfield>
    <subfield code="w">lcc</subfield>
    <subfield code="i">-81438</subfield>
    <subfield code="m">MAIN</subfield>
    <subfield code="t">BOOK</subfield>
    <subfield code="l">ON-SHELF</subfield>
  </datafield>
  <controlfield tag="004">61797</controlfield>
  <datafield tag="999" ind1=" " ind2=" ">
    <subfield code="c">165001</subfield>
    <subfield code="d">165001</subfield>
  </datafield>
</record>
